000 00769nam a2200229Ia 4500
001 12213
003 GE_BSU
008 181216s||||||||xx |||||||||||||| ||und||
020 _a5943650466
040 _cGE_BSU
080 _a543(035)
100 _aБарбалат,Ю.Г.; Власов,В.А.; Демин, и др.
245 _aНовый справочник химика и технолога. Аналитическая химия. Ч.1
245 _cРед.И.П.Калинкин
260 _aСПБ
260 _bНПО "Профессионал
260 _c2013
300 _a980стр.29см.
541 _h474 Л.
653 _aНовый справочник химика и технолога. Аналитическая химия
942 _cBK
999 _c45389
_d45389